000 00476nam a2200181 4500
001 44784
090 _a44784
100 _a20250918 pory50
101 _apor
_ait
102 _aPT
200 _aA Basílica de São Pedro e as Basílicas papais de Roma
_fdir. Laura Allievi , Cosetta Lagani
210 _cFesta do Cinema italiano .com
215 _a1 DVD
225 _aA grande Arte no Cinema
300 _aM/12 90 m.
675 _a7
801 _aPT
_gRPC
990 _cFILMES DVD